Nhà hát múa rối Trung ương : 45 năm xây dựng và trưởng thành /

Wedi'i Gadw mewn:
Manylion Llyfryddiaeth
Prif Awdur: Ngô Quỳnh Giao.
Fformat: Erthygl
Iaith:Vietnamese
Pynciau:
Tagiau: Ychwanegu Tag
Dim Tagiau, Byddwch y cyntaf i dagio'r cofnod hwn!
Thư viện lưu trữ: Thư viện Trường Đại học Đà Lạt
LEADER 00734nam a2200241 4500
001 DLU090080792
005 ##20090619
040 # # |a DLU  |b vie 
041 # # |a vie 
044 # # |a vn 
100 # # |a Ngô Quỳnh Giao. 
245 # # |a    |a Nhà hát múa rối Trung ương :  |b 45 năm xây dựng và trưởng thành /  |c Ngô Quỳnh Giao. 
653 # # |a Nhà hát múa rối Trung ương 
773 # # |t Văn hoá Nghệ thuật  |g Số 2(200), 2001, tr. 13-14 
920 # # |a Phòng Tạp chí -- Trung tâm Thông tin - Thư viện Trường Đại học Đà Lạt 
994 # # |a DLU 
900 # # |a True 
911 # # |a Đào Thị Thu Huyền 
925 # # |a G 
926 # # |a A 
927 # # |a BB 
980 # # |a Thư viện Trường Đại học Đà Lạt